| 000 | 00592nam a22002177a 4500 | ||
|---|---|---|---|
| 008 | 220224b |||||||| |||| 00| 0 eng d | ||
| 020 | _a9780618025851 | ||
| 050 | _aQA 39.2 .L37 2001 | ||
| 100 | _aLarson, Ron | ||
| 245 | _aPrecalculus / | ||
| 250 | _a5th ed. | ||
| 260 |
_aUS: _bHoughton Mifflin, _c2001. |
||
| 300 |
_axxi,1035p. : _bill. ; _c37cm |
||
| 500 | _aincludes bibliographical references and index. | ||
| 600 | _2Maths | ||
| 700 | _aHostetler | ||
| 700 | _aRobert P | ||
| 700 | _aHeyd | ||
| 700 | _aRobert P | ||
| 942 |
_2lcc _cBOOKS _hQA 39.2 .L37 2001 |
||
| 999 |
_c31161 _d31161 |
||